000 00282nam a22001337a 4500
008 180215b xxu||||| |||| 00| 0 eng d
020 _a0929533008
041 _aeng
080 _a62
100 _a27
101 _aIM
245 _aASAE STANDARDS 1989
_cHahn,R.H
942 _2udc
_cBK
999 _c42544
_d42544